| 000 | 07215ncm0a2200793 4500 | ||
|---|---|---|---|
| 001 | RU\NLR\ONIZ\198482 | ||
| 005 | 20260406144843.0 | ||
| 010 | _a5-901112-60-1 | ||
| 021 |
_aRU _b07-48 _907-3 |
||
| 035 | _a(NLR Aleph) 010889091 | ||
| 090 |
_a10542239 _c10542239 |
||
| 100 | _a20140708d2005 |||y0rusy50 ca | ||
| 101 | 0 | _arus | |
| 102 | _aRU | ||
| 125 | _aax | ||
| 128 | _armc | ||
| 145 | 0 | _ac | |
| 200 | 1 |
_aЯ сердцем никогда не лгу... _bНоты _eсб. романсов на стихи С. Есенина _e[для голоса и фп.] _fВ. Хотинов |
|
| 210 |
_aЕкатеринбург _cФилантроп _d2005 |
||
| 215 |
_a106 с. _cпортр. _d29 см |
||
| 300 | _aНа обороте тит. л.: Посвящается 110-й годовщине со дня рождения С. Есенина | ||
| 313 | _aСистематизация документа проведена по изданию - Методика классифицирования музыкальных произведений (нотных изданий) по таблицам Библиотечно-библиографических классификаций : метод. рекомендации / Гос. б-ка СССР им. В.И. Ленина.- М., 1977. Индексу ББК методических рекомендаций присваивается код ББК для научных библиотек - LBC/SL | ||
| 316 |
_6b11899 _aЭкз. с шифром 986/245а с дарств. надписью В. В. Хотинова _5NLR |
||
| 327 | 1 |
_a1. Вот уж вечер ; _a2. Поёт зима-аукает... ; _a3. Хороша была Танюша ; _a4. Подражанье песне : "Ты поила коня..." ; _a5. Сыплет черемуха снегом ; _a6. Край любимый ; _a7. Не бродить, не мять в кустах багряных ; _a8. Где ты, где ты, отчий дом... ; _a9. Песнь о собаке : "Утром в ржаном закуте..." ; _a10. Я обманывать себя не стану ; _a11. Сыпь, гармоника... ; _a12. Пой же, пой ; _a13. Заметался пожар голубой ; _a14. Пускай ты выпита другим ; _a15. Дорогая, сядем рядом ; _a16. Мне грустно на тебя смотреть ; _a17. Мы теперь уходим понемногу ; _a18. Эх вы, сани! ; _a19. Ты меня не любишь, не жалеешь ; _a20. Гаснут красные листья заката ; _a21. Синее небо ; _a22. Ветры, ветры... ; _a23. Цветы на подоконнике ; _a24. Цветы мне говорят ; _a25. Кто я? ; _a26. Письмо к женщине : "Вы помните, вы все, конечно, помните..." ; _a27. Береза : "Белая береза под моим окном..." |
|
| 464 | 0 |
_12001#$aВот уж вечер _1215##$aС.3-6 _tВот уж вечер |
|
| 464 | 0 |
_12001#$aПоёт зима-аукает... _1215##$aС.7-11 _tПоёт зима-аукает... |
|
| 464 | 0 |
_12001#$aХороша была Танюша _1215##$aС.12-14 _tХороша была Танюша |
|
| 464 | 0 |
_12001#$aПодражанье песне$e"Ты поила коня..." _1215##$aС.15-17 _tПодражанье песне |
|
| 464 | 0 |
_12001#$aСыплет черемуха снегом _1215##$aС.18-21 _tСыплет черемуха снегом |
|
| 464 | 0 |
_12001#$aКрай любимый _1215##$aС.22-25 _tКрай любимый |
|
| 464 | 0 |
_12001#$aНе бродить, не мять в кустах багряных _1215##$aС.26-29 _tНе бродить, не мять в кустах багряных |
|
| 464 | 0 |
_12001#$aГде ты, где ты, отчий дом... _1215##$aС.30-33 _tГде ты, где ты, отчий дом... |
|
| 464 | 0 |
_12001#$aПеснь о собаке$e"Утром в ржаном закуте..." _1215##$aС.34-36 _tПеснь о собаке |
|
| 464 | 0 |
_12001#$aЯ обманывать себя не стану _1215##$aС.37-39 _tЯ обманывать себя не стану |
|
| 464 | 0 |
_12001#$aСыпь, гармоника... _1215##$aС.40-42 _tСыпь, гармоника... |
|
| 464 | 0 |
_12001#$aПой же, пой _1215##$aС.43-45 _tПой же, пой |
|
| 464 | 0 |
_12001#$aЗаметался пожар голубой _1215##$aС.46-50 _tЗаметался пожар голубой |
|
| 464 | 0 |
_12001#$aПускай ты выпита другим _1215##$aС.51-55 _tПускай ты выпита другим |
|
| 464 | 0 |
_12001#$aДорогая, сядем рядом _1215##$aС.56-58 _tДорогая, сядем рядом |
|
| 464 | 0 |
_12001#$aМне грустно на тебя смотреть _1215##$aС.59-63 _tМне грустно на тебя смотреть |
|
| 464 | 0 |
_12001#$aМы теперь уходим понемногу _1215##$aС.64-67 _tМы теперь уходим понемногу |
|
| 464 | 0 |
_12001#$aЭх вы, сани! _1215##$aС.68-71 _tЭх вы, сани! |
|
| 464 | 0 |
_12001#$aТы меня не любишь, не жалеешь _1215##$aС.72-75 _tТы меня не любишь, не жалеешь |
|
| 464 | 0 |
_12001#$aГаснут красные листья заката _1215##$aС.76-78 _tГаснут красные листья заката |
|
| 464 | 0 |
_12001#$aСинее небо _1215##$aС.79-82 _tСинее небо |
|
| 464 | 0 |
_12001#$aВетры, ветры... _1215##$aС.83-86 _tВетры, ветры... |
|
| 464 | 0 |
_12001#$aЦветы на подоконнике _1215##$aС.87-90 _tЦветы на подоконнике |
|
| 464 | 0 |
_12001#$aЦветы мне говорят _1215##$aС.91-96 _tЦветы мне говорят |
|
| 464 | 0 |
_12001#$aКто я? _1215##$aС.97-99 _tКто я? |
|
| 464 | 0 |
_12001#$aПисьмо к женщине$e"Вы помните, вы все, конечно, помните..." _1215##$aС.100-102 _tПисьмо к женщине |
|
| 464 | 0 |
_12001#$aБереза$e"Белая береза под моим окном..." _1215##$aС.103-105 _tБереза |
|
| 606 | 1 |
_aРомансы на стихи С. Есенина _jНоты _2nlr_sh |
|
| 608 |
_aРоманс (вокальный) _xНоты _yРоссия _z20-21 вв. _2nlr_sh |
||
| 686 |
_aЩ943.4-42-043.3(2Р)я44 _vLBC/SL _2rubbk |
||
| 700 | 1 |
_9z01790 _aХотинов _bВ. В. _f1943- _gВиктор Викторович _4230 _7ca |
|
| 702 | 1 |
_4520 _8rus _7ca _aЕсенин _bС. А. _f1895-1925 _gСергей Александрович _3RU\NLR\AUTH\774376 _9114357 |
|
| 790 | 1 |
_9z01700 _aChotinov _bV. V. _gViktor Viktorovič _4230 _7ba |
|
| 790 | 1 |
_4520 _8rus _7ca _aEsenin _bS. A. _f1895-1925 _gSergej Aleksandrovič _3RU\NLR\AUTH\7717292 _9381 |
|
| 801 | 0 |
_aRU _bNLR _c20140708 _gPSBO |
|
| 801 | 1 |
_aRU _bNLR _c20140708 _2rusmarc |
|
| 801 | 2 |
_aRU _bNLR _c20190630 |
|
| 852 |
_6b11316 _aNLR _bМ _j986/245 _p280922 _t1 |
||
| 852 |
_aNLR _bМ _j986/245а _p280923 _t2 |
||
| 852 |
_aNLR _bМ _jК-3/24903 _pМОЭ 2007-3/48 _t3 |
||
| 852 |
_aNLR _bМ _jК-3/24903а _pМОЭ 2007-3/48а _t4 |
||
| 942 | _cSCORE | ||
| 980 | _aNB | ||
| 980 | _aONIZ | ||